| 000 | 00645nam a22001937a 4500 | ||
|---|---|---|---|
| 005 | 20231204125716.0 | ||
| 010 | _aENG-138561 | ||
| 020 |
_a9789354423598 _c465.00 |
||
| 035 | _aEN-122093 | ||
| 037 | _bDBAD/PUB | ||
| 082 |
_aS _21 |
||
| 100 |
_aPortelli, Alessandro _959433 |
||
| 245 |
_aElectric Steel and Other Essay: _cBy Alessandro Portelli _bParallel Stories from Italy,India and the Americas/ |
||
| 250 | _a1 | ||
| 260 |
_aTelengana _bOrient BlackSwan Private Limited _c2023 |
||
| 270 |
_a3-6-752, Himayatnagar, Hyderabad _bTelengana _e500029 _minfo@orientblackswan.com |
||
| 300 |
_a67p. _c22cm(pbk) _bindex |
||
| 942 |
_2ddc _cEN _hS _mPOR |
||
| 999 |
_c199443 _d199443 |
||